| 000 | 00768nam a22002412 4500 | ||
|---|---|---|---|
| 001 | 0000002866 | ||
| 005 | 20151217151906.0 | ||
| 008 | 070420s xx 000 0 eng d | ||
| 020 |
_a0842318356 : _cKES 190 |
||
| 040 |
_aKABU _cKABU |
||
| 050 | 0 |
_aPS3561 _b.R287P75 1999 |
|
| 100 | 1 |
_aKraus, Jim. _@0000152365 |
|
| 245 | 1 | 4 |
_aThe Price : _ba novel / _cby Jim & Terri Kraus. |
| 260 |
_aWheaton, Illinois : _bTyndale, _cc1999. |
||
| 300 |
_avi, 360 p. ; _c21 cm. |
||
| 650 | 0 |
_aClergy _xFiction. _@0000152366 |
|
| 650 | 0 |
_aGold mines and mining _xFiction. _@0000152367 |
|
| 651 | 0 |
_aCalifornia _xHistory _xFiction _y1846-1850. _@0000152368 |
|
| 700 | 1 |
_aKraus, Terri. _@0000152369 |
|
| 908 | _a070420 | ||
| 950 | _@1 | ||
| 999 |
_c6067 _d6067 |
||